Výsledky 73. ročníka MMM
| Médium: | Článok |
|---|---|
| Jazyk: | Slovak |
| Témy: | |
| Zdroj: |
1. Košický večer 1. Roč. 14(35), č. 190 (6.10.2003), s. 16 |
| LEADER | 00674nab#a2200265#ar4500 | ||
|---|---|---|---|
| 001 | 000049331 | ||
| 003 | SVKKK | ||
| 005 | 20040827100125.0 | ||
| 008 | 040827c2003 xo e slo | ||
| FMT | |||
| 038 | |a SVKKK | ||
| 040 | |a SVKKK |b slo |e AACR2 | ||
| 041 | 0 | |a slo | |
| 044 | |a xo |c SK | ||
| 080 | |a 796.422.16 |2 1997 | ||
| 245 | 0 | 0 | |a Výsledky 73. ročníka MMM |c Bohuš Matia, Ján Vrtiš |
| 611 | 2 | 4 | |a Medzinárodný maratón mieru |n (73. : |c Košice, Slovensko |d 2003) |x výsledky |
| 773 | 0 | |t Košický večer |g Roč. 14(35), č. 190 (6.10.2003), s. 16 | |
| 957 | |a 802 | ||
| 958 | |a K1 | ||
| 974 | |a Čr | ||
| 992 | |a RBX | ||
| BAS | |||
| 852 | |a SVKKK |b BIB | ||
| 998 | |a REG | ||